000 01146nam a2200217 a 4500
001 BRCA_8941
005 20190320210451.0
008 300617s--------sp-#######---#000-0#spa-#
041 _aspa
044 _asp
084 _aLE34
_b.C84
100 1 _a[Cuesta, Leonardo Antonio de la]
_922048
245 1 0 _a[Estado sagrado chronologico, genealógico, y universal del mundo
_bdesde su creación, hasta los presentes siglos, en que se dará noticia de los Patriarcados, Profetas, Pontífices, Emperadores, Reyes, Escritores, y otras personas, Ilustres, con los Concilios, Cismas, Anti-Papas, y varios acaecimientos curiosos en que pueda divertirse todo genero de personas: tomo X
_csu autor D. Leonardo Antonio de la Cuesta, rediente en esta Corte.]
300 _a[5], 411 p. (t.10)
_c15.8 x 10.8 cm
500 _aEstado físico: presenta encuadernación en pergamino con lomo semi desprendido y presencia del pez de plata
500 _aSin portada
650 1 4 _aBiblia
_xHistoria de los acontecimientos bíblicos
_yObras anteriores a 1800
_922222
650 1 4 _aHistoria universal
_yObras anteriores a 1800
_922223
902 _aCFM
942 _2lcc
_cB
999 _c8592
_d8592